| 000 | 00532nam a2200157Ia 4500 | ||
|---|---|---|---|
| 008 | 100204s9999 xx 000 0 und d | ||
| 082 | _b26463 | ||
| 100 | _aकॉनेली मायकेल | ||
| 245 | _aसिटी ऑफ बोन्स | ||
| 260 |
_b"मेहता पब्लिशिंग हाऊस , पुणे" _c2005 |
||
| 300 | _a358 | ||
| 630 | _aसिटी ऑफ बोन्स | ||
| 700 | _aठाकूर अजित | ||
| 730 | _aसिटी ऑफ बोन्स | ||
| 942 | _cBOOK | ||
| 999 |
_c471641 _d471638 |
||